Food science and nutrition
Saved in:
| Main Author: | |
|---|---|
| Format: | Book |
| Language: | English |
| Published: |
Oxford University Press
2012
|
| Tags: |
Add Tag
No Tags, Be the first to tag this record!
|
MARC
| LEADER | 00000nam a22000007a 4500 | ||
|---|---|---|---|
| 008 | 210419b ||||| |||| 00| 0 eng d | ||
| 020 | |a 978-0-19-807886-9 | ||
| 100 | |a RODAY, Sunetra | ||
| 245 | |a Food science and nutrition |c Sunetra Roday | ||
| 250 | |b 2nd ed. | ||
| 260 | |b Oxford University Press |c 2012 |h New Delhi |i 689772 |i 689773 |i 691071 |i 691072 |l TX353 .R61 |m Nutrition. |m Food. | ||
| 942 | |a lcc |c BK |e ADEKANYE, I. H. |f 19/04/2021 | ||
| 952 | |0 0 |1 0 |2 lcc |4 0 |6 TX0353 R61 |7 0 |9 2213 |a HOL |b AG |c QZ |d 2021-04-19 |l 0 |o TX353 .R61 |p 2021-6067 |r 2021-04-19 00:00:00 |w 2021-04-19 |y BK | ||
| 952 | |0 0 |1 0 |2 lcc |4 0 |6 TX0353 R61 |7 0 |9 2214 |a HOL |b SL |c QZ |d 2021-04-19 |l 0 |o TX353 .R61 |p 2021-6068 |r 2021-04-19 00:00:00 |w 2021-04-19 |y BK | ||
| 952 | |0 0 |1 0 |2 lcc |4 0 |6 TX0353 R61 |7 0 |9 2215 |a HOL |b HOL |c QZ |d 2021-04-19 |l 0 |o TX353 .R61 |p 2021-6069 |r 2021-04-19 00:00:00 |w 2021-04-19 |y BK | ||
| 952 | |0 0 |1 0 |2 lcc |4 0 |6 TX0353 R61 |7 0 |9 2216 |a HOL |b HOL |c QZ |d 2021-04-19 |l 0 |o TX353 .R61 |p 2021-6070 |r 2021-04-19 00:00:00 |w 2021-04-19 |y BK | ||
| 999 | |c 1154 |d 1154 | ||